| 000 | 00763nam a22002177a 4500 | ||
|---|---|---|---|
| 003 | OSt | ||
| 005 | 20260216050123.0 | ||
| 008 | 260216b |||||||| |||| 00| 0 eng d | ||
| 020 | _a978-971-9655-73-2 | ||
| 040 |
_aDWC-Main lib _cOC |
||
| 082 |
_2Revised edition _aFil. 647.068 M375f 2024 |
||
| 100 | _aMarte-Lago, Elpedia Masan | ||
| 245 |
_aFront office systems and procedures/ _cElpedia Masan Marte-Lago |
||
| 250 | _a Revised edition | ||
| 260 |
_aManila, Philippines: _bMindshapers Co., Inc., _cc2024. |
||
| 300 |
_axxiv, 198 pages: _b illustrations; _c25 cm. |
||
| 504 | _aIncludes bibliographical references and index. | ||
| 650 | _a1. Front office - management. | ||
| 700 | _aJenette R. Lim | ||
| 942 |
_2ddc _cBK - FIL _e Revised edition _kFil. _n0 |
||
| 999 |
_c8413 _d8413 |
||